| 000 | 00330nam a22001337a 4500 | ||
|---|---|---|---|
| 082 |
_a823 _bJAI/A |
||
| 100 | _aJAIN, KULDEEP | ||
| 245 | _aTHE ANT & THE GRASSHOPPER | ||
| 246 |
_aTHE ANT & THE GRASSHOPPER _bTHE ANT & THE GRASSHOPPER |
||
| 260 |
_aNEW DELHI _bPEGASUS _c2025 |
||
| 300 | _a16 | ||
| 650 | _aENGLISH STORY | ||
| 942 | _cBK | ||
| 999 |
_c9163 _d9163 |
||